000 01733nam0a2200325 4500
001 RU\NLR\bibl\1824786
005 20260407225413.0
010 _a978-5-94708-153-4
_9200
021 _aRU
_b2011-75283
_95349
035 _a(NLR Aleph) 001815319
090 _a1929636
_c1929636
100 _a20111024d2011 |||y0rusy50 ca
101 0 _arus
102 _aRU
105 _ay |||||||||
200 1 _aБиблиотечный фонд
_eучебное пособие
_eуровень образовательной программы бакалавриат
_fМ-во культуры Рос. Федерации, С.-Петерб. гос. ун-т культуры и искусств, Библ.-информ. фак., Каф. библиотековедения и теории чтения
_g[сост.: С.Л. Лохвицкая, к.п.н., доц. и др.]
210 _aСанкт-Петербург
_cИзд-во СПбГУКИ
_d2011
215 _a62, [1] с.
_d21
320 _aБиблиогр.: с. 17-19 (47 назв.) и в тексте
606 1 _aБиблиотечные фонды
_jУчебные издания для высших учебных заведений
_92185107
_3RU\NLR\auth\661313781
686 _aЧ738.1
686 _aЧ73я73
702 1 _aЛохвицкая
_bС. Л.
_4220
712 0 2 _4570
_aСанкт-Петербургский государственный университет культуры и искусств
_bКафедра библиотековедения и теории чтения
_9803201
_3RU\NLR\AUTH\8810154038
801 0 _aRU
_bNLR
_c20111024
_gRCR
801 1 _aRU
_bNLR
_c20111024
942 _cBOOK
980 _aNB
980 _aNBR